000 00474nam a2200181Ia 4500
008 230711s9999||||xx |||||||||||||| ||und||
020 _a81-239-1482-2
041 _aENG
082 _a572.86
_bRA-B
100 _aRastogi,S.C
245 0 _aBioinformatics Concepts, Skills and Applications
250 _a2nd Ed.
260 _c2006
_aNew Delhi
_bCBS Publishers & Distributors Pvt.Ltd
300 _a426p.
650 _aChemistry
700 _aMendiratta,Namita
942 _cBK
999 _c7462
_d7462